The dual rate mineral valuation principle index-linked (Record no. 23406)
[ view plain ]
| 000 -LEADER | |
|---|---|
| fixed length control field | 01011cab a2200217 4500 |
| 001 - CONTROL NUMBER | |
| control field | ABS26230 |
| 008 - FIXED-LENGTH DATA ELEMENTS--GENERAL INFORMATION | |
| fixed length control field | 090401t1979 xxu||||| |||| 00| 0 eng d |
| 035 ## - SYSTEM CONTROL NUMBER | |
| System control number | (Sirsi) u35797 |
| 041 ## - LANGUAGE CODE | |
| Language code of text/sound track or separate title | eng |
| 100 ## - MAIN ENTRY--PERSONAL NAME | |
| Personal name | Hellewell, E.G. |
| 245 #4 - TITLE STATEMENT | |
| Title | The dual rate mineral valuation principle index-linked |
| 260 ## - PUBLICATION, DISTRIBUTION, ETC. | |
| Date of publication, distribution, etc. | 1979 |
| 350 ## - PRICE (NR) (BK AM CF MU VM SE) [OBSOLETE] | |
| Price | 0 |
| 490 ## - SERIES STATEMENT | |
| Series statement | Chartered Land Surveyor / Chartered Mineral Surveyor |
| Volume/sequential designation | 1(4) Winter 1979, 15-24(6) |
| 520 ## - SUMMARY, ETC. | |
| Summary, etc. | Following his paper `The dual rate principle modified for inflation` (ABS20783) the author here proposes a generalised approach to valuation in which the premises of the dual rate principle are maintained in conditions of variable annual inflation/deflation by means of index-linking. Includes an analysis of standard dual rate valuations and notes on economic conditions and the price index 1876-1975 and 1976. References. |
| 650 ## - SUBJECT ADDED ENTRY--TOPICAL TERM | |
| Topical term or geographic name entry element | MINERAL VALUATION |
| 690 ## - LOCAL SUBJECT ADDED ENTRY--TOPICAL TERM (OCLC, RLIN) | |
| Topical term or geographic name as entry element | MINING AND MINERALS |
| 690 ## - LOCAL SUBJECT ADDED ENTRY--TOPICAL TERM (OCLC, RLIN) | |
| Topical term or geographic name as entry element | RATING AND VALUATION |
| 942 ## - ADDED ENTRY ELEMENTS (KOHA) | |
| Suppress in OPAC | 0 |
| 948 ## - LOCAL PROCESSING INFORMATION (OCLC); SERIES PART DESIGNATOR (RLIN) | |
| c (OCLC) | 04/03/1997 |
| Withdrawn status | Lost status | Source of classification or shelving scheme | Damaged status | Not for loan | Home library | Current library | Shelving location | Date acquired | Total Checkouts | Full call number | Barcode | Date last seen | Copy number | Price effective from | Koha item type |
|---|---|---|---|---|---|---|---|---|---|---|---|---|---|---|---|
| Dewey Decimal Classification | London | London | Journal article | 14/09/1999 | ABS26230 | 35797-1001 | 06/08/2019 | 1 | 06/08/2019 | Journal article |